[Event "Bogota Millonario op"]
[Site "Bogota"]
[Date "2015.12.20"]
[Round "5"]
[White "De Arco, Luis Carlos"]
[Black "Navia Alvarez, Edwin Adrian"]
[Result "0-1"]
[WhiteElo "2265"]
[BlackElo "2098"]
[PlyCount "30"]
[EventDate "2015.12.18"]
[EventType "swiss"]
[EventRounds "9"]
[EventCountry "COL"]
[SourceTitle "EXT 2017"]
[Source "ChessBase"]
[SourceDate "2016.10.25"]
[SourceVersion "1"]
[SourceVersionDate "2016.10.25"]
[SourceQuality "1"]

1. e4 c5 2. c3 Nf6 3. e5 Nd5 4. d4 cxd4 5. cxd4 Nc6 6. Nf3 d6 7. Bc4 Nb6 8. Bb5 dxe5 9. Nxe5 Bd7 10. Bxc6 Bxc6 11. Nxc6 bxc6 12. 0-0 g6 13. Re1 Bg7 14. Bg5 0-0 15. Nc3 Re8 0-1

[Event "Bogota University op 9th"]
[Site "Bogota"]
[Date "2015.10.08"]
[Round "1"]
[White "De Arco, Luis Carlos"]
[Black "Ruiz Agudelo, Santiago"]
[Result "1-0"]
[WhiteElo "2283"]
[BlackElo "1791"]
[PlyCount "57"]
[EventDate "2015.10.08"]
[EventType "swiss"]
[EventRounds "9"]
[EventCountry "COL"]
[SourceTitle "CBM 168 Extra"]
[Source "ChessBase"]
[SourceDate "2015.10.29"]
[SourceVersion "1"]
[SourceVersionDate "2015.10.29"]
[SourceQuality "1"]

1. e4 c5 2. c3 d5 3. exd5 Qxd5 4. d4 cxd4 5. cxd4 Nc6 6. Nf3 e6 7. Nc3 Qa5 8. Bc4 Nf6 9. 0-0 Bb4 10. Qb3 a6 11. a3 Bxc3 12. bxc3 b5 13. Bd3 Qc7 14. Bg5 Nd5 15. Rfe1 0-0 16. Qc2 h6 17. Bd2 Na5 18. a4 Rb8 19. axb5 axb5 20. Ne5 Nc6 21. Nf3 Na5 22. Ne5 Nc6 23. Re4 Nxe5 24. dxe5 Bb7 25. Rae1 Nxc3 26. Rg4 h5 27. Rg3 Nd5 28. Qd1 h4 29. Rxg7+ 1-0

[Event "COL-chT Cup"]
[Site "Bogota"]
[Date "2015.06.07"]
[Round "4.1"]
[White "Ruiz Castillo, Joshua Daniel"]
[Black "De Arco, Luis Carlos"]
[Result "1/2-1/2"]
[WhiteElo "2417"]
[BlackElo "2268"]
[PlyCount "89"]
[EventDate "2015.06.06"]
[EventType "team-swiss"]
[EventRounds "6"]
[EventCountry "COL"]
[SourceTitle "CBM 166 Extra"]
[Source "ChessBase"]
[SourceDate "2015.06.18"]
[SourceVersion "1"]
[SourceVersionDate "2015.06.18"]
[SourceQuality "1"]
[WhiteTeam "Bogota"]
[BlackTeam "Cesar"]
[WhiteTeamCountry "COL"]
[BlackTeamCountry "COL"]

1. e4 e5 2. Nf3 Nc6 3. d4 exd4 4. Nxd4 Nf6 5. Nxc6 bxc6 6. e5 Qe7 7. Qe2 Nd5 8. c4 Ba6 9. b3 0-0-0 10. Bb2 Qg5 11. Qe4 Bb4+ 12. Kd1 Ne7 13. f4 d5 14. cxd5 Qg4+ 15. Kc2 Bxf1 16. Rxf1 Nxd5 17. Nc3 Qxg2+ 18. Qxg2 Ne3+ 19. Kb1 Nxg2 20. Ne4 Ne3 21. Rg1 Nf5 22. a3 Be7 23. Ka2 Rd3 24. Rgf1 Rhd8 25. Rac1 Kb7 26. Rf2 h6 27. Rfc2 Re3 28. Rc4 Re2 29. Kb1 Rd7 30. b4 Ne3 31. Nc5+ Bxc5 32. Rxc5 Rdd2 33. Bc3 Rd5 34. Re1 Rxc5 35. bxc5 Rxe1+ 36. Bxe1 g6 37. Kb2 Nd5 38. Bd2 h5 39. Kb3 Kc8 40. Ka4 Ne7 41. Ka5 Kb7 42. Be1 Nf5 43. Bf2 Ng7 44. a4 Ne6 45. Be3 1/2-1/2

[Event "COL-chT Cup"]
[Site "Bogota"]
[Date "2015.06.06"]
[Round "2.1"]
[White "Pinilla, Rosa"]
[Black "De Arco, Luis Carlos"]
[Result "0-1"]
[WhiteElo "1559"]
[BlackElo "2268"]
[PlyCount "48"]
[EventDate "2015.06.06"]
[EventType "team-swiss"]
[EventRounds "6"]
[EventCountry "COL"]
[SourceTitle "CBM 166 Extra"]
[Source "ChessBase"]
[SourceDate "2015.06.18"]
[SourceVersion "1"]
[SourceVersionDate "2015.06.18"]
[SourceQuality "1"]
[WhiteTeam "Choco (Women)"]
[BlackTeam "Cesar"]
[WhiteTeamCountry "COL"]
[BlackTeamCountry "COL"]

1. e4 c5 2. Nf3 a6 3. d4 cxd4 4. Nxd4 e5 5. Nf3 Nf6 6. Bc4 Be7 7. Nxe5 Qa5+ 8. Bd2 Qxe5 9. Nc3 b5 10. Bd5 Nxd5 11. Nxd5 Bb7 12. 0-0 Bxd5 13. exd5 Qxd5 14. Re1 Nc6 15. Qe2 0-0 16. b3 Bf6 17. Rad1 Qf5 18. Bc1 h6 19. g4 Qe6 20. Qf3 Ne5 21. Qh3 Qxg4+ 22. Qxg4 Nxg4 23. Rxd7 Ne5 24. Rxe5 Bxe5 0-1

[Event "Bogota University op 7th"]
[Site "Bogota"]
[Date "2013.10.12"]
[Round "5"]
[White "Parra Varon, Diego Alexander"]
[Black "De Arco, Luis Carlos"]
[Result "0-1"]
[WhiteElo "1912"]
[BlackElo "2283"]
[PlyCount "69"]
[EventDate "2013.10.10"]
[EventType "swiss"]
[EventRounds "9"]
[EventCountry "COL"]
[SourceTitle "CBM 156 Extra"]
[Source "ChessBase"]
[SourceDate "2013.10.22"]
[SourceVersion "1"]
[SourceVersionDate "2013.10.22"]
[SourceQuality "1"]

1. d4 c5 2. d5 Nf6 3. c4 e6 4. Nc3 exd5 5. cxd5 d6 6. e4 g6 7. Bf4 Bg7 8. Bd3 0-0 9. h3 Re8 10. Nf3 Nxe4 11. Bxe4 Bxc3+ 12. bxc3 Rxe4+ 13. Be3 Qf6 14. Rc1 Nd7 15. 0-0 Nb6 16. a4 Bd7 17. a5 Nc4 18. Bg5 Qg7 19. Nd2 Nxd2 20. Qxd2 Bb5 21. Rfe1 Rae8 22. f3 R4e5 23. Bf4 Re2 24. Rxe2 Rxe2 25. Qd1 Qf6 26. g3 g5 27. c4 Qb2 28. Qf1 gxf4 29. cxb5 fxg3 30. Rc4 Rf2 31. Qe1 Rg2+ 32. Kf1 Rg1+ 33. Kxg1 Qh2+ 34. Kf1 g2+ 35. Ke2 0-1

[Event "Costa Atlantica Univ Magdalena"]
[Site "Santa Marta"]
[Date "2013.09.02"]
[Round "1.1"]
[White "De Arco, Luis Carlos"]
[Black "Ricaurte Escorcia, Christian Dav"]
[Result "1-0"]
[WhiteElo "2268"]
[BlackElo "1625"]
[PlyCount "43"]
[EventDate "2013.09.02"]
[EventType "swiss"]
[EventRounds "6"]
[EventCountry "COL"]
[SourceTitle "EXT 2024"]
[Source "ChessBase"]
[SourceDate "2023.10.10"]
[SourceVersion "1"]
[SourceVersionDate "2023.10.10"]
[SourceQuality "1"]

1. e4 e6 2. d4 d6 3. Nc3 Bd7 4. Nf3 Be7 5. Bd3 c6 6. 0-0 Qc7 7. h3 Nf6 8. e5 Nd5 9. Ne4 f5 10. exd6 Bxd6 11. Nxd6+ Qxd6 12. Ne5 Nf6 13. Bc4 Bc8 14. Re1 a5 15. Qf3 0-0 16. Bf4 Qe7 17. a4 Nd5 18. Nd3 Rd8 19. Bxd5 cxd5 20. Bxb8 Rxb8 21. Qxf5 exf5 22. Rxe7 1-0

[Event "La Candelaria Cup"]
[Site "Complejo de Raquetas"]
[Date "2013.02.01"]
[Round "3"]
[White "De Arco, Luis Carlos"]
[Black "Verbel, Jose"]
[Result "1-0"]
[WhiteElo "2258"]
[BlackElo "1842"]
[PlyCount "51"]
[EventDate "2013.01.30"]
[EventType "swiss"]
[EventRounds "7"]
[EventCountry "COL"]
[SourceTitle "CBM 152 Extra"]
[Source "ChessBase"]
[SourceDate "2013.02.25"]
[SourceVersion "1"]
[SourceVersionDate "2013.02.25"]
[SourceQuality "1"]

1. e4 c5 2. c3 d5 3. exd5 Qxd5 4. d4 Nc6 5. Nf3 e5 6. dxe5 Qxd1+ 7. Kxd1 Bg4 8. Bf4 Nge7 9. Bd3 h5 10. h3 Nd5 11. Bh2 Bxf3+ 12. gxf3 0-0-0 13. Ke2 Nxe5 14. Bxe5 Re8 15. Bf5+ Kd8 16. Rd1 Rxe5+ 17. Be4 Kc7 18. Rxd5 Re6 19. Nd2 g6 20. Kf1 f5 21. Bc2 b5 22. a4 b4 23. cxb4 cxb4 24. Bb3 Rc6 25. Nc4 Bc5 26. Ne5 1-0

[Event "Bogota McGregor op 3rd"]
[Site "Bogota"]
[Date "2012.12.12"]
[Round "2"]
[White "Lozano Ramirez, Nestor Favian"]
[Black "De Arco, Luis Carlos"]
[Result "0-1"]
[WhiteElo "2051"]
[BlackElo "2248"]
[PlyCount "72"]
[EventDate "2012.12.12"]
[EventType "swiss"]
[EventRounds "9"]
[EventCountry "COL"]
[SourceTitle "EXT 2014"]
[Source "ChessBase"]
[SourceDate "2013.11.20"]
[SourceVersion "1"]
[SourceVersionDate "2013.11.20"]
[SourceQuality "1"]

1. c4 Nf6 2. g3 c5 3. Bg2 g6 4. Nc3 Bg7 5. d3 Nc6 6. e4 d6 7. Nge2 0-0 8. 0-0 Nd4 9. Nxd4 cxd4 10. Ne2 e5 11. h3 Nd7 12. f4 f5 13. exf5 gxf5 14. b4 a5 15. Bd2 axb4 16. Bd5+ Kh8 17. fxe5 Bxe5 18. Bh6 Re8 19. Nf4 Nf6 20. Bg5 Qe7 21. Nh5 Qf8 22. Nxf6 Bxf6 23. Bd2 Qg7 24. Kg2 Be6 25. Bxe6 Rxe6 26. Qf3 Be5 27. Kf2 Bxg3+ 28. Qxg3 Re2+ 29. Kf3 Qxg3+ 30. Kxg3 Rxd2 31. Rxf5 b3 32. Raf1 bxa2 33. Rf8+ Rxf8 34. Rxf8+ Kg7 35. Ra8 Rxd3+ 36. Kf4 Rd2 0-1

[Event "Pamplona IRT rap op"]
[Site "Pamplona"]
[Date "2012.11.10"]
[Round "5"]
[White "Gallego Alcaraz, Andres Felipe"]
[Black "De Arco, Luis Carlos"]
[Result "0-1"]
[WhiteElo "2410"]
[BlackElo "2247"]
[PlyCount "80"]
[EventDate "2012.11.09"]
[EventType "swiss"]
[EventRounds "11"]
[EventCountry "COL"]
[SourceTitle "CBM 151 Extra"]
[Source "ChessBase"]
[SourceDate "2012.12.18"]
[SourceVersion "1"]
[SourceVersionDate "2012.12.18"]
[SourceQuality "1"]

1. d4 Nf6 2. c4 c5 3. Nf3 cxd4 4. Nxd4 e6 5. g3 a6 6. Bg2 Qc7 7. 0-0 Be7 8. Nc3 0-0 9. e4 Nc6 10. b3 b6 11. Bb2 Bb7 12. Rc1 Nxd4 13. Qxd4 Bc5 14. Qd2 Bc6 15. Nd5 exd5 16. cxd5 Bb5 17. Rfd1 a5 18. Qg5 h6 19. Qh4 Qd8 20. e5 Nh7 21. Qe4 d6 22. e6 fxe6 23. dxe6 Qe7 24. Qxa8 Rxa8 25. Bxa8 Ng5 26. Bd5 Nh3+ 27. Kg2 Ng5 28. a3 Ba6 29. f4 Nxe6 30. f5 Bb7 31. fxe6 Bxd5+ 32. Rxd5 Qxe6 33. Rd2 Qxb3 34. Re1 Bxa3 35. Bxa3 Qxa3 36. Red1 b5 37. Rxd6 b4 38. Ra6 b3 39. Rd8+ Kh7 40. Rda8 b2 0-1

[Event "Pamplona Sub zt 2.3"]
[Site "Pamplona"]
[Date "2012.11.09"]
[Round "9"]
[White "Martinez Romero, Martin"]
[Black "De Arco, Luis Carlos"]
[Result "1/2-1/2"]
[WhiteElo "2390"]
[BlackElo "2232"]
[PlyCount "113"]
[EventDate "2012.11.05"]
[EventType "swiss"]
[EventRounds "9"]
[EventCountry "COL"]
[SourceTitle "EXT 2013"]
[Source "ChessBase"]
[SourceDate "2012.11.22"]
[SourceVersion "1"]
[SourceVersionDate "2012.11.22"]
[SourceQuality "1"]

1. c4 Nf6 2. Nc3 c5 3. Nf3 Nc6 4. g3 g6 5. Bg2 Bg7 6. 0-0 0-0 7. Rb1 d5 8. cxd5 Nxd5 9. Qb3 Nc7 10. d3 b6 11. Be3 Nd4 12. Bxd4 cxd4 13. Ne4 Be6 14. Qa3 Bd5 15. Nfd2 h6 16. Rfc1 Ne6 17. Nb3 Qd7 18. Rc2 a5 19. Rbc1 a4 20. Na1 Ra5 21. f3 f5 22. Nd2 Be5 23. Nc4 Bxc4 24. Rxc4 f4 25. b4 Rd5 26. g4 b5 27. Rc6 Rd6 28. Rxd6 Bxd6 29. Qb2 Rc8 30. Rxc8+ Qxc8 31. Nc2 Be5 32. Kf1 Qc3 33. Qxc3 dxc3 34. Ke1 g5 35. Kd1 Nd4 36. Bf1 Nxc2 37. Kxc2 Bd4 38. Bh3 Kf7 39. Bf1 Ke6 40. Bh3 Kd5 41. Bf1 Be5 42. e3 fxe3 43. d4 Kxd4 44. Bxb5 a3 45. Kb3 Bd6 46. Kxa3 Bxb4+ 47. Kb3 e5 48. a4 Ba5 49. Be2 e4 50. fxe4 Kxe4 51. Kc2 Kd4 52. Kb3 Bc7 53. Kc2 Bxh2 54. a5 Bb8 55. a6 Ba7 56. Kb3 Ke4 57. Kxc3 1/2-1/2

[Event "Pamplona Sub zt 2.3"]
[Site "Pamplona"]
[Date "2012.11.08"]
[Round "7"]
[White "Cuartas, Jaime Alexander"]
[Black "De Arco, Luis Carlos"]
[Result "1/2-1/2"]
[WhiteElo "2517"]
[BlackElo "2232"]
[PlyCount "55"]
[EventDate "2012.11.05"]
[EventType "swiss"]
[EventRounds "9"]
[EventCountry "COL"]
[SourceTitle "EXT 2013"]
[Source "ChessBase"]
[SourceDate "2012.11.22"]
[SourceVersion "1"]
[SourceVersionDate "2012.11.22"]
[SourceQuality "1"]

1. e4 c5 2. Nf3 g6 3. d4 cxd4 4. Qxd4 Nf6 5. Nc3 Nc6 6. Qa4 d6 7. Bb5 Bd7 8. Bg5 Bg7 9. 0-0-0 a6 10. Bxc6 Bxc6 11. Qb4 Qc7 12. Rhe1 0-0 13. Nd5 Bxd5 14. exd5 Rac8 15. Re2 Rfe8 16. Kb1 b5 17. Bxf6 Bxf6 18. Nd4 Qc5 19. Qxc5 dxc5 20. Nf3 Red8 21. Red2 Rd6 22. c3 c4 23. Kc2 Rc5 24. Ng1 Bg5 25. Rd4 Bf6 26. R4d2 Bg5 27. Rd4 Bf6 28. R4d2 1/2-1/2

[Event "Pamplona Sub zt 2.3"]
[Site "Pamplona"]
[Date "2012.11.08"]
[Round "8"]
[White "De Arco, Luis Carlos"]
[Black "Ruiz Castillo, Joshua Daniel"]
[Result "1/2-1/2"]
[WhiteElo "2232"]
[BlackElo "2332"]
[PlyCount "44"]
[EventDate "2012.11.05"]
[EventType "swiss"]
[EventRounds "9"]
[EventCountry "COL"]
[SourceTitle "EXT 2013"]
[Source "ChessBase"]
[SourceDate "2012.11.22"]
[SourceVersion "1"]
[SourceVersionDate "2012.11.22"]
[SourceQuality "1"]

1. e4 c5 2. c3 d5 3. exd5 Qxd5 4. d4 Nf6 5. Nf3 e6 6. Na3 a6 7. Nc4 Nbd7 8. Bf4 b5 9. Ne3 Qc6 10. Be2 Bb7 11. Ne5 Nxe5 12. Bxe5 Nd7 13. Bf3 Qc8 14. 0-0 Nxe5 15. dxe5 Be7 16. a4 0-0 17. axb5 axb5 18. Rxa8 Bxa8 19. Bxa8 Qxa8 20. Qd7 Bg5 21. Qxb5 Bxe3 22. fxe3 Qd5 1/2-1/2

[Event "Pamplona Sub zt 2.3"]
[Site "Pamplona"]
[Date "2012.11.06"]
[Round "4"]
[White "De Arco, Luis Carlos"]
[Black "Arenas Vanegas, David"]
[Result "0-1"]
[WhiteElo "2232"]
[BlackElo "2443"]
[PlyCount "70"]
[EventDate "2012.11.05"]
[EventType "swiss"]
[EventRounds "9"]
[EventCountry "COL"]
[SourceTitle "EXT 2013"]
[Source "ChessBase"]
[SourceDate "2012.11.22"]
[SourceVersion "1"]
[SourceVersionDate "2012.11.22"]
[SourceQuality "1"]

1. d4 Nf6 2. Nf3 e6 3. e3 b6 4. Bd3 Bb7 5. Nbd2 d5 6. 0-0 Nbd7 7. b3 Be7 8. Bb2 c5 9. Ne5 0-0 10. Qe2 Qc7 11. Nxd7 Nxd7 12. f4 Rac8 13. f5 exf5 14. dxc5 bxc5 15. Bxf5 g6 16. Bh3 Rce8 17. Qd3 Bd6 18. Bxd7 Qxd7 19. Nf3 Qe6 20. Rfe1 f6 21. Rad1 Bc7 22. Ba3 Bb6 23. Kh1 Rd8 24. Qc3 Rc8 25. b4 d4 26. exd4 cxd4 27. Qb2 Qf5 28. Rd3 Be4 29. Qb3+ Kh8 30. b5 Rfd8 31. Qf7 Bd5 32. Qe7 Rxc2 33. Rxd4 Qxf3 34. gxf3 Bxf3+ 35. Kg1 Bxd4+ 0-1

[Event "San Cristobal Bolivar op 1st"]
[Site "San Cristobal"]
[Date "2012.09.29"]
[Round "9"]
[White "Guramishvili, Sopiko"]
[Black "De Arco, Luis Carlos"]
[Result "1/2-1/2"]
[WhiteElo "2418"]
[BlackElo "2235"]
[PlyCount "79"]
[EventDate "2012.09.25"]
[EventType "swiss"]
[EventRounds "10"]
[EventCountry "VEN"]
[SourceTitle "EXT 2013"]
[Source "ChessBase"]
[SourceDate "2012.11.22"]
[SourceVersion "1"]
[SourceVersionDate "2012.11.22"]
[SourceQuality "1"]

1. c4 Nf6 2. Nc3 e6 3. Nf3 c5 4. g3 b6 5. Bg2 Bb7 6. 0-0 Be7 7. Re1 0-0 8. e4 d6 9. d4 cxd4 10. Nxd4 Qc7 11. b3 a6 12. Bb2 Nc6 13. Rc1 Nxd4 14. Qxd4 Rab8 15. h3 Rfd8 16. Kh2 Bf8 17. f4 h5 18. Qf2 Ba8 19. Na4 Nd7 20. Qf3 Nc5 21. Nc3 Qd7 22. Qd1 b5 23. cxb5 axb5 24. b4 Na4 25. Nxa4 bxa4 26. a3 h4 27. gxh4 d5 28. e5 Rbc8 29. Bd4 Rxc1 30. Qxc1 Rc8 31. Qd1 Qc6 32. Re2 Bb7 33. Rd2 Be7 34. h5 Qc1 35. Qxc1 Rxc1 36. Bb2 Rb1 37. Bf3 Bd8 38. Rc2 Bc6 39. Bc1 Rb3 40. Bd1 1/2-1/2

[Event "San Cristobal Bolivar op 1st"]
[Site "San Cristobal"]
[Date "2012.09.28"]
[Round "6"]
[White "De Arco, Luis Carlos"]
[Black "Fernandez Rivero, Karla July"]
[Result "1-0"]
[WhiteElo "2235"]
[BlackElo "2017"]
[PlyCount "105"]
[EventDate "2012.09.25"]
[EventType "swiss"]
[EventRounds "10"]
[EventCountry "VEN"]
[SourceTitle "EXT 2013"]
[Source "ChessBase"]
[SourceDate "2012.11.22"]
[SourceVersion "1"]
[SourceVersionDate "2012.11.22"]
[SourceQuality "1"]

1. e4 e5 2. Nf3 Nc6 3. Bb5 a6 4. Ba4 Nf6 5. 0-0 Be7 6. Re1 b5 7. Bb3 d6 8. c3 0-0 9. h3 Nb8 10. d4 Nbd7 11. Nbd2 Bb7 12. Bc2 Re8 13. Nf1 Bf8 14. Ng3 g6 15. Bg5 h6 16. Bd2 Bg7 17. Qc1 Kh7 18. Nh2 c5 19. d5 c4 20. Be3 Qc8 21. Qd2 h5 22. b4 cxb3 23. axb3 Nc5 24. b4 Ncd7 25. Bd3 Qc7 26. Nf3 Nb6 27. Qe2 Nc4 28. Bxc4 bxc4 29. Nd2 Rac8 30. Bg5 Nd7 31. Ngf1 Nb6 32. g4 hxg4 33. hxg4 Rh8 34. Qf3 Kg8 35. Ne3 Qd7 36. Bf6 Bxf6 37. Qxf6 Bxd5 38. Rxa6 Bxe4 39. Nxe4 Qb7 40. Rxb6 Qxe4 41. f3 Qd3 42. Rxd6 Qxc3 43. Ng2 Qxb4 44. Qxe5 c3 45. Qd4 Qb8 46. Ne3 Re8 47. Nc2 Rf8 48. Kg2 Qb2 49. Qd3 Qb7 50. Re2 Rh4 51. Qd5 Qb8 52. Rxg6+ Kh7 53. Rd6 1-0

[Event "San Cristobal Bolivar op 1st"]
[Site "San Cristobal"]
[Date "2012.09.27"]
[Round "4"]
[White "De Arco, Luis Carlos"]
[Black "Salazar Farias, Luis German"]
[Result "1/2-1/2"]
[WhiteElo "2235"]
[BlackElo "2065"]
[PlyCount "105"]
[EventDate "2012.09.25"]
[EventType "swiss"]
[EventRounds "10"]
[EventCountry "VEN"]
[SourceTitle "EXT 2013"]
[Source "ChessBase"]
[SourceDate "2012.11.22"]
[SourceVersion "1"]
[SourceVersionDate "2012.11.22"]
[SourceQuality "1"]

1. e4 e5 2. Nf3 Nf6 3. Nxe5 d6 4. Nf3 Nxe4 5. Nc3 Nxc3 6. dxc3 Be7 7. Bf4 0-0 8. Qd2 Nd7 9. 0-0-0 Nc5 10. Re1 Bf6 11. Nd4 Ne6 12. Be3 c5 13. Nxe6 Bxe6 14. a3 Qa5 15. Bg5 Bxg5 16. Qxg5 d5 17. Bd3 Qd8 18. Qf4 b5 19. Re3 c4 20. Be2 a5 21. Rg3 b4 22. Qe5 g6 23. h4 bxa3 24. bxa3 Qb8 25. Qd4 Qa7 26. Qf6 Rfe8 27. h5 Qe7 28. Qd4 Bf5 29. hxg6 fxg6 30. Bf3 Be4 31. Bxe4 Qxe4 32. Rd1 Qxd4 33. cxd4 Re2 34. Rd2 Re1+ 35. Rd1 Rxd1+ 36. Kxd1 Kf7 37. Rg5 Ke6 38. Re5+ Kd6 39. f4 Rb8 40. Kc1 Rf8 41. g3 h6 42. Kd2 Rb8 43. f5 gxf5 44. Rxf5 Rg8 45. Rf6+ Ke7 46. Ra6 Rxg3 47. Rxa5 Ke6 48. Ra6+ Kf5 49. Rxh6 Rxa3 50. Rh5+ Ke4 51. Rh4+ Kf5 52. Rh5+ Ke6 53. Rh6+ 1/2-1/2

[Event "San Cristobal Bolivar op 1st"]
[Site "San Cristobal"]
[Date "2012.09.25"]
[Round "1"]
[White "Iturrizaga Bonelli, Eduardo"]
[Black "De Arco, Luis Carlos"]
[Result "1-0"]
[WhiteElo "2625"]
[BlackElo "2235"]
[PlyCount "79"]
[EventDate "2012.09.25"]
[EventType "swiss"]
[EventRounds "10"]
[EventCountry "VEN"]
[SourceTitle "EXT 2013"]
[Source "ChessBase"]
[SourceDate "2012.11.22"]
[SourceVersion "1"]
[SourceVersionDate "2012.11.22"]
[SourceQuality "1"]

1. Nf3 Nf6 2. c4 c5 3. Nc3 g6 4. d4 cxd4 5. Nxd4 Bg7 6. g3 0-0 7. Bg2 Nc6 8. 0-0 Nxd4 9. Qxd4 d6 10. Qd3 a6 11. Rd1 Qc7 12. Bd2 Bd7 13. Rac1 Rac8 14. b3 Qb8 15. a4 Bc6 16. Bh3 Rcd8 17. Be3 Nd7 18. Nd5 Rfe8 19. a5 Ne5 20. Qd2 Bxd5 21. cxd5 f5 22. Rc2 Rc8 23. Rdc1 Rf8 24. Bg5 Bf6 25. Bh6 Rfe8 26. Be3 Rf8 27. Bb6 Rxc2 28. Qxc2 Qe8 29. e4 fxe4 30. Qxe4 Qb5 31. f4 Nf7 32. Qc4 Qe8 33. Qa4 Qb8 34. Qd7 g5 35. Be6 Kg7 36. Bxf7 Kxf7 37. fxg5 Bxg5 38. Qf5+ Bf6 39. Qxh7+ Ke8 40. Qh5+ 1-0

[Event "COL-ch U20"]
[Site "Bogota"]
[Date "2012.02.18"]
[Round "7"]
[White "De Arco, Luis Carlos"]
[Black "Barros, Raul Junior"]
[Result "0-1"]
[WhiteElo "2243"]
[BlackElo "2201"]
[PlyCount "82"]
[EventDate "2012.02.15"]
[EventType "swiss"]
[EventRounds "7"]
[EventCountry "COL"]
[SourceTitle "CBM 147 Extra"]
[Source "ChessBase"]
[SourceDate "2012.04.24"]
[SourceVersion "1"]
[SourceVersionDate "2012.04.24"]
[SourceQuality "1"]

1. e4 c5 2. Nc3 Nc6 3. f4 g6 4. Nf3 Bg7 5. Bb5 Nd4 6. 0-0 a6 7. Bc4 d6 8. d3 e6 9. Nxd4 cxd4 10. Ne2 Ne7 11. Bb3 0-0 12. Qe1 Nc6 13. Bd2 Kh8 14. a4 f5 15. exf5 exf5 16. Kh1 Re8 17. Qf2 Be6 18. Bxe6 Rxe6 19. a5 Qc7 20. Rfe1 Rae8 21. Ng1 Rxe1 22. Rxe1 Rxe1 23. Qxe1 Qe7 24. Qxe7 Nxe7 25. Nf3 Nd5 26. Kg1 Kg8 27. Kf1 h6 28. Ke2 Kf7 29. Kd1 Bf6 30. Kc1 Ke7 31. Kb1 Kd7 32. g3 Kc6 33. Ka2 Ne3 34. Kb3 g5 35. fxg5 hxg5 36. h4 g4 37. Ng1 f4 38. gxf4 Bxh4 39. Ne2 Nf5 40. c3 Bf2 41. cxd4 g3 0-1